「王」を「おう」と読まない駅 - Statistics

General Stats
  • This quiz has been taken 38 times
  • The average score is 8 of 13
Answer Stats
都府県 駅名 読み % Correct
秋田県 天王 てんのう
91%
大阪府 天王寺 てんのうじ
85%
愛知県 山王 さんのう
76%
福井県 山王 さんのう
76%
東京都 天王洲アイル てんのうずあいる
65%
千葉県 天王台 ていのうだい
65%
東京都 溜池山王 ためいけさんのう
62%
大阪府 天王寺駅前 てんのうじえきまえ
62%
大阪府 四天王寺前夕陽ヶ丘 してんのうじまえゆうひがおか
59%
神奈川県 天王町 てんのうちょう
53%
宮城県 陸前山王 りくぜんさんのう
47%
京都府 西山天王山 にしやまてんのうざん
26%
群馬県 天王宿 てんのうじゅく
21%
No matching quizzes found
Score Distribution
Percent of People with Each Score
Percentile by Number Answered
Your Score History
You have not taken this quiz